[Event "84th Annual Southwest Open"]
[Site "Irving"]
[Date "2018.08.31"]
[Round "2"]
[White "Checa, Nicolas"]
[Black "Xiong, Jeffery"]
[Result "0-1"]
[WhiteElo "2478"]
[BlackElo "2650"]
[Annotator "TA"]
[PlyCount "102"]
[EventDate "2018.08.31"]
[EventType "swiss"]
[EventCountry "USA"]
[SourceTitle "playchess.com"]
[Source "ChessBase"]
[SourceQuality "1"]

{[%evp 21,102,0,0,0,8,1,4,8,6,10,14,3,17,0,0,0,0,0,0,-9,-12,-19,-17,-33,-24,-12,0,0,-1,-25,0,0,0,-74,-26,-27,-33,-20,-23,-23,-26,-131,-138,-139,-139,-165,-165,-165,-157,-137,-139,-241,-245,-246,-246,-300,-313,-294,-293,-437,-434,-450,-442,-437,-416,-410,-398,-341,-335,-393,-424,-397,-358,-379,-318,-438,-319,-309,-275,-324,-345,-533,-458]} 1. d4 Nf6 2. c4 e6 3. Nf3 d5 4. Nc3 c5 5. cxd5 Nxd5 6. e4 Nxc3 7. bxc3 cxd4 8. cxd4 Bb4+ 9. Bd2 Bxd2+ 10. Qxd2 O-O 11. Bd3 Nc6 {LiveBook: 24 Games. D41: Queen's Gambit Declined: Semi-Tarrasch with 5 cxd5} 12. Qc3 (12. Bc2 b6 13. O-O Bb7 14. d5 Na5 15. dxe6 fxe6 16. Qe2 Rc8 17. Rad1 Qc7 18. Nd4 Qe5 19. Rfe1 {½-½ (37) Wojtaszek,R (2737)-Kramnik,V (2794) Antalya 2017}) 12... Bd7 {[%cal Bc8d7,Bd7c6,Bc6a4][%mdl 32]} 13. O-O Rc8 {The position is equal.} 14. Qb2 Na5 $146 ({Predecessor:} 14... b6 15. Rac1 Qf6 16. e5 Qf4 17. Bb5 Rfd8 18. Rfd1 Nb8 19. Bxd7 Nxd7 {½-½ (51) Centofante,M (1571)-Taufer,M (1416) Trento 2008}) 15. Rac1 Bc6 16. Rfd1 Qd6 17. Rc5 Ba4 $1 {[%cal Ra4d1]} 18. Rdc1 {[%cal Bd1c1,Bc1c5,Bc5g5][%mdl 32]} Rxc5 19. Rxc5 b6 20. Rg5 Qf4 21. Rg3 Rc8 22. Nd2 Qc7 {Strongly threatening ...Qc1+.} 23. Qb4 Qc3 24. Qxa4 {[#] Qd7 is the strong threat.} Qxd2 25. h3 Rc1+ 26. Kh2 {[%cal Ra4e8]} Nc6 $36 {[%mdl 2048] Hoping for ...h5. Black is pushing.} 27. Rf3 (27. Qa6 $11 g6 28. Qc8+ Kg7 29. Qc7 Qxf2 30. Rf3 Qg1+ 31. Kg3 Qe1+ 32. Kh2 Qg1+ 33. Kg3 Qe1+ 34. Kh2 Qg1+) 27... Qb4 28. Qxb4 Nxb4 $11 {[%mdl 4096] Endgame KRB-KRN} 29. Bb5 Kf8 30. a3 Na2 31. Rd3 (31. d5 $11 Nc3 32. Bd3) 31... Nc3 $17 32. Bc6 Nd1 33. Bb7 Nxf2 34. Rf3 Nd1 35. d5 Rc3 36. Rf1 (36. dxe6 $17 Rxf3 37. gxf3) 36... Ne3 $19 37. Rf3 Ke7 38. d6+ Kxd6 39. Rxf7 Rxa3 40. Rxg7 (40. Bc8 {was called for.}) 40... b5 {[%cal Bb6b5,Bb5b4,Bb4b3][%mdl 32]} 41. Rxh7 b4 42. e5+ Kxe5 43. Rh5+ Kd6 44. Rb5 b3 45. Be4 Nf1+ 46. Kg1 Nd2 47. Bg6 a6 48. Rb6+ Ke5 49. h4 Kf6 50. Bh7 a5 51. Bg8 (51. Ra6 {keeps fighting.}) 51... Nc4 {Precision: White = 45%, Black = 82%.} 0-1

[Event "84th Annual Southwest Open"]
[Site "Irving"]
[Date "2018.08.31"]
[Round "2"]
[White "Stremavicius, Titas"]
[Black "Yim, Sung Ho"]
[Result "1-0"]
[WhiteElo "2467"]
[BlackElo "2271"]
[Annotator "TA"]
[PlyCount "63"]
[EventDate "2018.08.31"]
[EventType "swiss"]
[EventCountry "USA"]
[SourceTitle "playchess.com"]
[Source "ChessBase"]
[SourceQuality "1"]

{[%evp 26,63,0,-3,25,27,23,30,20,18,24,38,19,20,53,53,74,69,87,61,65,70,117,102,105,109,88,97,173,171,143,75,29991,29992,29994,29995,29995,29996,29996,29997]} 1. c4 e6 2. Nc3 d5 3. d4 Nf6 4. cxd5 Nxd5 5. e4 Nxc3 6. bxc3 c5 7. Nf3 cxd4 8. cxd4 Bb4+ 9. Bd2 Bxd2+ 10. Qxd2 O-O 11. Bc4 Nd7 12. O-O {D41: Queen's Gambit Declined: Semi-Tarrasch with 5 cxd5} b6 13. e5 (13. Rfe1 Bb7 14. Rad1 Rc8 15. Bb3 Re8 16. h4 h6 17. Qf4 Qc7 18. Qxc7 Rxc7 19. d5 Nc5 20. d6 Rd7 21. Bc4 a6 22. e5 {1-0 (51) Vachier Lagrave,M (2789)-Giri,A (2782) Leuven 2018}) 13... Bb7 14. Qe3 {LiveBook: 17 Games. The position is equal.} Bxf3 15. Qxf3 Rc8 16. Rac1 $146 ({Predecessor:} 16. Ba6 Rc7 17. Rad1 Nb8 18. Bd3 Nc6 19. Bb1 Ne7 20. Qe4 g6 21. Qf4 {½-½ (21) Laszlo,I (2120)-Javor,T (1824) Tatabanya 2014}) 16... Nb8 17. Qe4 Rc7 18. h4 g6 {[#] Strongly threatening ...Qc8.} 19. Bb3 Na6 20. Rxc7 Nxc7 21. Rc1 Ne8 22. d5 exd5 23. Qxd5 Qe7 24. h5 Ng7 25. hxg6 hxg6 26. Qd6 Qg5 (26... Qxd6 $16 {was called for.} 27. exd6 Rd8) 27. Rc7 $36 {[%mdl 2048] Black is under strong pressure.} a5 28. e6 (28. g3 $142 Qf5 29. Re7) 28... fxe6 $2 {[%mdl 8192] [#]} (28... Nxe6 $16 29. Bxe6 Qf6) 29. Bxe6+ {White mates.} Nxe6 30. Qxe6+ Kh8 31. Qh3+ Qh5 32. Qc3+ {Precision: White = 78%, Black = 45%.} 1-0

[Event "84th Annual Southwest Open"]
[Site "Irving"]
[Date "2018.09.01"]
[Round "2"]
[White "Arribas Lopez, Angel"]
[Black "Baryshpolets, Andrey"]
[Result "1-0"]
[WhiteElo "2460"]
[BlackElo "2609"]
[Annotator "TA"]
[PlyCount "113"]
[EventDate "2018.08.31"]
[EventType "swiss"]
[EventCountry "USA"]
[SourceTitle "playchess.com"]
[Source "ChessBase"]
[SourceQuality "1"]

{[%evp 20,113,0,0,45,41,18,31,34,36,65,56,58,64,96,93,91,91,87,81,95,88,85,91,113,112,129,120,112,120,127,120,150,141,144,133,167,99,116,84,91,84,85,25,16,46,163,101,111,107,100,106,108,100,71,50,46,13,35,8,8,8,8,8,8,8,8,8,8,8,8,0,0,0,98,99,99,99,2468,2643,29969,29970,29968,29967,29971,29971,29971,29971,29970,29971,29966,29967,12795,5497,29988,29989]} 1. e4 e5 2. Nf3 Nc6 3. Bb5 a6 4. Ba4 Nf6 5. d3 d6 6. c3 g6 7. O-O Bg7 8. Re1 O-O {C77: Ruy Lopez: 3...a6 4 Ba4 Nf6, unusual lines} 9. Bxc6 bxc6 10. d4 exd4 11. cxd4 {LiveBook: 4 Games} d5 $146 ({Predecessor:} 11... Bg4 12. Nc3 Nd7 13. Be3 c5 14. dxc5 Nxc5 15. Bxc5 dxc5 {0-1 (44) Zoler,D (2455)-Golod,V (2606) Israel 2008}) 12. e5 Ne4 13. Qc2 c5 14. dxc5 f6 15. Nbd2 {[%cal Bb1d2,Bd2e4,Be4f6][%mdl 32]} Bf5 16. e6 $1 $36 {[%mdl 2048] White is more active.} Re8 17. Nd4 Bxe6 18. Nxe4 {aiming for Nc3.} Bf7 {[#]} 19. Nxf6+ $1 ({Of course not} 19. Nc6 Qd7 $15) 19... Qxf6 {[%cal Re8e1]} 20. Rxe8+ Rxe8 {[%cal Re8e1]} 21. Be3 Re4 22. Rd1 Qe7 {Strongly threatening ...Bxd4.} 23. Qc3 Be8 24. h3 c6 25. b4 Bd7 26. a4 Qe8 27. Qd2 h6 28. Qd3 ({White should play} 28. Nf3 $18) 28... g5 $16 29. Nc2 Rc4 30. Bd4 Qf7 31. g4 (31. Bxg7 $16 Bf5 32. Qe2 Bxc2 33. Rd4) 31... Bxd4 $11 32. Nxd4 Rxb4 (32... Qf6 $1 $14) 33. Rb1 ({White should try} 33. Qxa6 $18 Qe8 34. a5) 33... Rxb1+ $16 34. Qxb1 Qf6 35. Qb8+ Kf7 36. Qb7 Ke8 37. Qb4 Qf4 38. Qe1+ Kf7 39. Qe3 (39. Qc3 {is more complex.} Qe4 40. Kf1 Qb1+ 41. Ke2 Qe4+ 42. Qe3) 39... Qxe3 40. fxe3 $11 {[%mdl 4096] Endgame KB-KN} Kf6 41. Kg2 Be8 42. a5 Ke5 43. Kf3 h5 44. gxh5 Bxh5+ 45. Kg3 Be8 46. Kg4 Bd7+ (46... Kf6 $11) 47. Kxg5 $16 {Black must now prevent h4.} Bxh3 ({Don't blunder} 47... Ke4 $2 48. h4 $18) 48. Nxc6+ Ke4 $2 {[%mdl 8192] [#]} (48... Ke6 $16 49. Kf4 Bf1) 49. Kf6 $1 $18 Kxe3 50. Ke5 Kd3 51. Kxd5 Bg2+ 52. Kd6 Kc4 53. Nd8 Kb5 54. c6 {[%cal Bc5c6,Bc6c7][%mdl 32]} Bh3 55. c7 Bc8 56. Nc6 {Threatening mate with Na7+.} Bh3 57. Nd4+ {Precision: White = 67%, Black = 49%.} 1-0

[Event "84th Annual Southwest Open"]
[Site "Irving"]
[Date "2018.08.31"]
[Round "2"]
[White "Ostrovskiy, Aleksandr"]
[Black "Kung, Thomas"]
[Result "1-0"]
[WhiteElo "2425"]
[BlackElo "2132"]
[Annotator "TA"]
[PlyCount "47"]
[EventDate "2018.08.31"]
[EventType "swiss"]
[EventCountry "USA"]
[SourceTitle "playchess.com"]
[Source "ChessBase"]
[SourceQuality "1"]

{[%evp 17,47,27,33,3,17,12,14,3,14,12,64,14,16,18,18,8,207,214,329,326,388,381,372,340,333,330,345,331,320,320,378,374]} 1. c4 e5 2. Nc3 Nf6 3. Nf3 Nc6 4. e3 d5 5. cxd5 Nxd5 6. Bb5 Nxc3 7. bxc3 Bd6 8. d4 Bd7 9. O-O O-O {LiveBook: 10 Games. A28: English Opening: Four Knights Variation} (9... Qe7 10. e4 O-O 11. Re1 Nxd4 12. Nxd4 exd4 13. Bxd7 Qxd7 14. cxd4 Bb4 15. Re3 Rad8 16. Bb2 Bc5 17. Rd3 {0-1 (66) Howell,D (2676)-Malakhov,V (2686) Riadh 2017}) 10. a4 Qe7 $146 ({Predecessor:} 10... Re8 11. Nd2 a6 12. Bd3 Qh4 13. Ne4 Bf8 14. f4 exd4 15. exd4 Bf5 16. Qc2 Rad8 17. Rb1 {1-0 (39) Krutko,A (2386)-Bezzubenkov,S (2118) Izhevsk 2011}) 11. Nd2 Na5 {The position is equal.} 12. Ne4 {next dxe5 is good for White.} Rfd8 13. Bd3 Be6 (13... b6 $11) 14. Rb1 f5 15. Nxd6 cxd6 16. d5 $36 {[%mdl 2048] White fights for an advantage.} Bxd5 $2 {[#]} (16... Bd7 $11) 17. Rb5 $18 ({Weaker is} 17. Bxf5 Be6 $11) 17... Bxg2 (17... Bc6 $142) 18. Kxg2 Qg5+ 19. Kh1 b6 20. Rg1 Qf6 21. Qf3 Rf8 {and if ...e4 works, Black does fine.} 22. Qd5+ Kh8 23. Ba3 Rfd8 24. Bb4 {Precision: White = 66%, Black = 32%.} 1-0

[Event "84th Annual Southwest Open"]
[Site "Irving"]
[Date "2018.08.31"]
[Round "2"]
[White "Hilby, Craig"]
[Black "Shtembuliak, Evgeny"]
[Result "1-0"]
[WhiteElo "2420"]
[BlackElo "2518"]
[Annotator "TA"]
[PlyCount "77"]
[EventDate "2018.08.31"]
[EventType "swiss"]
[EventCountry "USA"]
[SourceTitle "playchess.com"]
[Source "ChessBase"]
[SourceQuality "1"]

{[%evp 11,77,8,51,-52,-37,-41,-43,-29,-42,-35,-35,-48,-43,-52,0,0,0,0,0,0,0,0,0,0,0,0,0,0,0,0,14,0,127,127,220,208,241,235,326,306,337,372,332,297,505,417,1400,1502,1381,1487,1771,1683,29986,1306,1256,1223,1221,889,1120,854,1834,1537,2094,1612,29986,29987,29987,29985]} 1. d4 g6 2. e4 Bg7 3. Nc3 a6 4. f4 d6 5. Nf3 Nd7 6. e5 {B06: Modern Defence} c5 {LiveBook: 9 Games} 7. e6 $146 ({White should try} 7. dxc5 $14 Nxc5 8. Be3) ({Predecessor:} 7. dxc5 dxe5 8. fxe5 Nxe5 9. Qxd8+ Kxd8 10. Bf4 Nxf3+ 11. gxf3 Bxc3+ 12. bxc3 Bd7 13. O-O-O Ke8 14. Bc4 Bc6 15. Rhe1 Rd8 16. Bxf7+ Kxf7 17. Rxd8 Bxf3 18. Rf1 {1-0 (18) Shaposhnikov,E (2554)-Azmaiparashvili,Z (2632) playchess.com INT 2007}) 7... fxe6 $15 8. Ng5 {Black is slightly better.} Bxd4 9. Nxe6 Bxc3+ $1 10. bxc3 Qa5 11. Bd2 Ndf6 12. Qe2 Kf7 (12... d5 $15) 13. Ng5+ $11 Kg7 14. Ne6+ (14. Qc4 d5 $17) 14... Kf7 15. Ng5+ Kg7 16. Ne6+ ({But not} 16. Qc4 d5 $15) 16... Bxe6 17. Qxe6 Qa4 18. Bc4 {And now Qf7+ would win.} Rf8 ({Don't blunder} 18... Qxc2 $2 19. Qf7+ Kh6 20. f5+ Kh5 21. Be2+ Kh4 22. fxg6 $18) 19. O-O-O b5 20. Bd3 $1 d5 21. Kb2 {With the idea g4.} c4 (21... a5 $1 $11 22. a3 c4) 22. Be2 $16 Rd8 {[#]} (22... Ne4 $16 {is a better defense.}) 23. g4 $1 $18 {[%cal Bg2g4,Bg4f5][%mdl 32]} b4 24. cxb4 Rd6 25. Qe5 Kf7 {...Re6 is the strong threat.} 26. f5 gxf5 27. gxf5 ({Resist} 27. Qxf5 Nh6 $18) 27... a5 $2 (27... h5 {keeps fighting.} 28. Bc3 Rh7 29. Bxc4 Qc6) 28. Rhg1 axb4 {[#]} (28... c3+ $142 29. Bxc3 axb4) 29. Bh5+ $1 {[%mdl 512]} Nxh5 30. Qxh8 c3+ 31. Kb1 Nhf6 {[#]} 32. Rg7+ (32. Rxg8 $142 $1 {[%mdl 512]} Nxg8 33. Rg1 Rd8 34. Rg7+ Kf6 35. Rxg8+ Kxf5 36. Rg5+ Ke6 37. Qxd8) 32... Ke8 33. Rxg8+ Nxg8 34. Qxg8+ Kd7 35. Bc1 b3 36. axb3 Qa5 37. Rd4 Qc5 38. Ra4 d4 39. Rc4 {Precision: White = 70%, Black = 40%.} 1-0

[Event "84th Annual Southwest Open"]
[Site "Irving"]
[Date "2018.08.31"]
[Round "2"]
[White "Wheeler, Cameron"]
[Black "Dejmek, Mark"]
[Result "1/2-1/2"]
[WhiteElo "2406"]
[BlackElo "1998"]
[Annotator "TA"]
[PlyCount "93"]
[EventDate "2018.08.31"]
[EventType "swiss"]
[EventCountry "USA"]
[SourceTitle "playchess.com"]
[Source "ChessBase"]
[SourceQuality "1"]

{[%evp 35,93,72,78,73,78,15,18,0,2,-147,91,73,109,101,140,150,159,139,258,258,265,270,266,187,212,181,188,186,196,187,198,90,81,51,51,51,51,51,51,51,53,41,93,67,120,112,108,47,54,81,105,24,31,30,54,0,0,0,0,0]} 1. e4 c5 2. Nf3 d6 3. d4 cxd4 4. Nxd4 Nf6 5. Nc3 g6 6. Be3 Bg7 7. f3 O-O 8. Qd2 Nc6 9. Bc4 Bd7 10. O-O-O Rc8 11. Bb3 Ne5 12. Kb1 Nc4 13. Bxc4 Rxc4 14. g4 {[%cal Bg2g4,Bg4g5][%mdl 32]} b5 15. b3 {B78: Sicilian Dragon: Yugoslav Attack, 9 Bc4 Bd7 10 0-0-0 Rc8} b4 16. bxc4 bxc3 17. Qxc3 Qc7 18. g5 Nh5 {LiveBook: 4 Games} 19. Ka1 Bh3 20. Qd3 $146 (20. Rhe1 $16) ({Predecessor:} 20. Rhe1 a6 21. Rb1 Bg2 22. Bg1 Nf4 {1-0 (49) Efendiyev,E (2497)-Poehr,A (2438) ICCF email 2011}) 20... Be6 $1 $11 21. c3 Bxc4 22. Qd2 {[#]} (22. Qc2 $1 $11 {was the only way to keep the balance.}) 22... Qa5 $2 (22... Bxa2 $1 $17 {and life is bright. Threatens to win with ...Rb8.} 23. Kxa2 Rb8) 23. Rb1 $16 Rc8 24. Rb2 Ba6 25. Rhb1 Qc7 26. Rb3 d5 (26... Be5 $16 27. R1b2 Rd8) 27. exd5 $18 Bc4 28. Rb7 Qe5 29. Nc6 Qxc3+ 30. Qxc3 Bxc3+ 31. R1b2 $1 Kf8 32. Nxe7 Ba6 33. Nxc8 (33. Rxa7 $18 {and the rest is easy.} Rb8 34. Bc1) 33... Bxb7 $16 34. Bc5+ Kg7 35. Nxa7 {[#] Black must now prevent d6.} Bxd5 36. Nb5 Bxb2+ 37. Kxb2 Bxf3 $14 {[%mdl 4096] Endgame KBN-KBN} 38. a4 Bc6 (38... f5 $14) 39. Kb3 h6 (39... f5 $14) 40. Bd4+ $16 Kh7 41. h4 (41. Kc4 $16) 41... Ng3 $14 42. Kb4 Nf5 43. Bf6 (43. Bf2 $16) 43... Nxh4 $11 44. Kc5 Bf3 45. Nd4 (45. a5 $14) 45... Ba8 46. gxh6 Nf3 47. Nxf3 {Precision: White = 46%, Black = 62%.} 1/2-1/2

[Event "84th Annual Southwest Open"]
[Site "Irving"]
[Date "2018.08.31"]
[Round "2"]
[White "Ynojosa Aponte, Felix Jose"]
[Black "Shen, Christopher"]
[Result "1/2-1/2"]
[WhiteElo "2370"]
[BlackElo "2254"]
[Annotator "TA"]
[PlyCount "68"]
[EventDate "2018.08.31"]
[EventType "swiss"]
[EventCountry "USA"]
[SourceTitle "playchess.com"]
[Source "ChessBase"]
[SourceQuality "1"]

{[%evp 20,68,32,0,0,16,17,0,3,0,0,0,53,5,26,20,18,4,5,27,2,6,29,19,24,0,0,0,0,0,0,0,0,0,0,0,0,0,0,0,0,0,0,0,0,0,0,0,0,0,0]} 1. c4 Nf6 2. Nc3 g6 3. e4 d6 4. d4 Bg7 5. Nf3 O-O 6. Be2 e5 7. O-O Nbd7 8. dxe5 dxe5 9. Qc2 c6 10. Rd1 Qe7 11. a3 {LiveBook: 3 Games. E94: King's Indian: Classical: 6 Be2 e5 7 0-0: Various Black 7th moves} (11. b3 Re8 12. a4 a5 13. Ba3 Nc5 14. Ne1 h5 15. Nd3 Nfd7 16. Nb1 Bf8 17. Nd2 Qf6 18. Bb2 Nxd3 19. Bxd3 {½-½ (93) Ezat,M (2454)-Movsesian,S (2700) Antalya 2013}) 11... Nc5 $146 ({Predecessor:} 11... a5 12. h3 Nc5 13. Be3 a4 14. Bxc5 Qxc5 15. Nxa4 Rxa4 16. Qxa4 Nxe4 17. Rf1 Ng3 18. Bd3 e4 {0-1 (28) Ynojosa Aponte,F (2390)-Paul,J (2218) Charlotte 2018}) 12. b4 Ne6 13. Nxe5 Nxe4 14. Nxe4 {[#] And now f4 would win.} Bxe5 15. Bb2 Ng5 ({Better is} 15... Nf4 $11 16. Ng3 Bxb2 17. Qxb2 Nxe2+ 18. Nxe2 Bg4) 16. Ng3 Qf6 17. Bxe5 Qxe5 18. c5 a5 19. Rac1 axb4 20. axb4 Ne6 21. Bc4 Nf4 22. Qe4 (22. Re1 {with more complications.} Qg5 23. Bf1 Be6 24. Ne4 Qe5 25. g3) 22... Qxe4 {The position is equal.} 23. Nxe4 Be6 24. Nd6 Ra4 25. g3 Bxc4 26. Rxc4 Nd5 27. Nxb7 Rb8 28. Na5 Rbxb4 29. Rxb4 Nxb4 $11 {KRN-KRN} 30. Rd8+ Kg7 31. Nb7 Ra7 32. Nd6 Na6 33. Rc8 Nxc5 34. Rxc6 Ne6 {Precision: White = 50%, Black = 76%.} 1/2-1/2

[Event "84th Annual Southwest Open"]
[Site "Irving"]
[Date "2018.08.31"]
[Round "2"]
[White "Li, Ben"]
[Black "Sanchez, Robert"]
[Result "1-0"]
[WhiteElo "2324"]
[BlackElo "1834"]
[Annotator "TA"]
[PlyCount "39"]
[EventDate "2018.08.31"]
[EventType "swiss"]
[EventCountry "USA"]
[SourceTitle "playchess.com"]
[Source "ChessBase"]
[SourceQuality "1"]

{[%evp 16,39,16,10,7,22,139,133,148,145,150,150,168,135,180,170,177,183,220,218,712,469,1101,1104,1089,1052]} 1. d4 Nf6 2. c4 e6 3. Nf3 b6 4. a3 Bb7 5. Nc3 d5 6. Bf4 Be7 {E12: Queen's Indian: Unusual White 4th moves, 4 a3, 4 Nc3 Bb7 5 a3 and 4 Nc3 Bb7} (6... Bd6 7. Bxd6 Qxd6 8. cxd5 Nxd5 9. Nb5 Qd8 10. e4 Ne7 11. Qc2 c6 12. Nc3 O-O 13. Rd1 Nd7 14. Be2 {½-½ (41) Roiz,M (2604)-Navara,D (2726) Antalya 2017}) 7. e3 O-O 8. cxd5 Nxd5 9. Nxd5 {LiveBook: 4 Games} exd5 10. Bd3 {[%cal Bf1d3,Bd3h7,Bh7f5][%mdl 32]} Nd7 (10... c5 $11 {keeps the balance.}) 11. Qc2 $16 c5 $146 12. Bxh7+ Kh8 13. Bf5 Nf6 14. O-O Ne4 15. dxc5 Bxc5 16. Ne5 Nf6 17. Bg5 {aiming for Nd7!} Bd6 $2 {[#]} (17... Bc8 18. Rfd1 Qd6) 18. Nd7 {White is clearly winning.} Re8 (18... Be7 $142 19. Qa4 Nh5 20. Bxe7 Qxe7 21. Nxf8 Qxf8) 19. Bxf6 $18 gxf6 20. Qe2 1-0

[Event "84th Annual Southwest Open"]
[Site "Irving"]
[Date "2018.08.31"]
[Round "2"]
[White "Lin, Andy"]
[Black "Nguyen, Emily"]
[Result "0-1"]
[WhiteElo "2274"]
[BlackElo "2194"]
[Annotator "TA"]
[PlyCount "104"]
[EventDate "2018.08.31"]
[EventType "swiss"]
[EventCountry "USA"]
[SourceTitle "playchess.com"]
[Source "ChessBase"]
[SourceQuality "1"]

{[%evp 13,104,0,0,0,0,-59,-55,-74,-77,-90,0,-4,0,0,0,-93,-66,-62,-60,-58,-63,-73,-60,-67,-67,-69,-67,-68,-60,-73,-57,-68,-55,-96,-83,-97,-91,-113,-100,-139,-99,-100,-56,-93,-89,-112,-86,-100,-106,-106,-102,-96,-104,-102,-62,-126,-66,-154,-84,-180,-119,-168,-91,-148,-148,-233,-209,-296,-310,-300,-246,-633,-566,-1061,-1070,-1012,-997,-1078,-1175,-1215,-1041,-1080,-1061,-935,-796,-779,-695,-1032,-984,-29989,-29990,-29990,-29991]} 1. Nf3 d5 2. g3 Nf6 3. Bg2 c5 4. O-O g6 5. c4 d4 (5... Bg7 6. Qa4+ Nc6 7. cxd5 Nxd5 8. Nc3 e6 9. Qc4 b6 10. d3 O-O 11. Bg5 Qd7 12. Rac1 Bb7 13. Qh4 Nde7 14. Rfd1 Nf5 15. Qa4 h6 16. Bd2 {0-1 (40) Oparin,G (2609)-Vidit,S (2715) Linares 2018}) 6. e3 {A08: King's Indian Attack} Nc6 {[%cal Bb8c6,Bc6b4,Bb4a6][%mdl 32]} 7. exd4 cxd4 {LiveBook: 9 Games} 8. b4 {The position is equal.} Nxb4 9. Ne5 $146 (9. Bb2 $11) ({Predecessor:} 9. Qa4+ Nc6 10. Ne5 Bd7 11. Nxd7 Qxd7 12. d3 Bg7 {0-1 (57) Shoker,S (2365)-Govciyan,P (2411) Pau 2008}) 9... Nd7 $15 10. Qa4 {Black must now prevent Nxd7.} Na6 11. Ba3 Qc7 (11... Bg7 $17 12. Re1 O-O 13. Nxd7 Bxd7) 12. Re1 $11 e6 13. Nd3 Nac5 14. Qc2 (14. Bxc5 $11 Bxc5 15. Nxc5 Qxc5 16. d3) 14... Bg7 15. Nxc5 Nxc5 16. Bxc5 Qxc5 17. d3 O-O 18. Nd2 Qc7 19. Reb1 Rb8 20. a4 Bd7 21. a5 Bc6 22. Qa2 e5 23. Qa3 Bxg2 24. Kxg2 f5 25. Re1 Rbe8 26. f3 Qc6 27. Qa4 Bh6 28. Nb3 Qd6 29. Qb5 Re7 30. c5 Qd5 {aiming for ...e4.} 31. Ra4 Be3 32. Qc4 Qxc4 33. Rxc4 Rf6 34. Re2 (34. f4 $15) 34... Kf7 (34... g5 $17 35. Nd2 Rc7) 35. Rb4 (35. f4 $15) 35... Rc6 (35... g5 $142 $1 36. Nd2 Rc6) 36. Kf1 (36. f4 $17) 36... Rd7 (36... g5 $19 37. Ra2 Kg7) 37. Rc2 Ke6 {[#]} ({Black should try} 37... g5 $19 38. Rb5 Re7) 38. Ke2 (38. a6 $142 $1 {[%mdl 512]} bxa6 39. Na5) 38... Kd5 $36 {[%mdl 2048] Keeping White busy.} 39. Rcc4 {[#]} (39. h4 $17 {is a better defense.}) 39... g5 $1 $19 40. Kf1 (40. Rb5 $142) 40... h5 41. Rb5 {If White can now play Rcb4 this consolidates a bit.} e4 42. Rcb4 $2 (42. Ke2) 42... exd3 43. Rxb7 Rxb7 44. Rxb7 {[%mdl 4096] Endgame KRB-KRN} Kc4 45. Ke1 Kc3 46. Kd1 d2 47. Na1 Rxc5 48. Nc2 Rxa5 49. Rc7+ Kb3 50. Rb7+ Kc4 51. Ke2 d3+ 52. Kxe3 d1=Q {Precision: White = 37%, Black = 62%.} 0-1

[Event "84th Annual Southwest Open"]
[Site "Irving"]
[Date "2018.09.01"]
[Round "2"]
[White "Kumar, Nikhil"]
[Black "Heredia Serrano, Carla"]
[Result "1-0"]
[WhiteElo "2268"]
[BlackElo "2166"]
[Annotator "TA"]
[PlyCount "67"]
[EventDate "2018.08.31"]
[EventType "swiss"]
[EventCountry "USA"]
[SourceTitle "playchess.com"]
[Source "ChessBase"]
[SourceQuality "1"]

{[%evp 18,67,13,0,59,35,92,85,89,88,79,-21,133,102,111,107,108,81,113,122,202,195,202,193,195,189,29996,147,29996,258,1888,142,1462,0,5800,5791,29999,508,29999,5297,29999,29995,29999,29996,29998,29988,29997,29988,29996,29996,29996,29990]} 1. d4 d5 2. c4 c6 3. Nf3 Nf6 4. Qb3 dxc4 5. Qxc4 Bf5 6. g3 Nbd7 7. Bg2 e6 8. O-O Be7 9. Nbd2 O-O {D23: Angenommenes Damengambit} 10. Qb3 {LiveBook: 29 Partien} c5 $146 (10... Nb6 $11) ({Vorgänger:} 10... Nb6 11. a4 a5 12. Rd1 Nfd7 13. e4 Bg6 14. Qe3 f5 15. Qb3 Kh8 16. exf5 Bxf5 17. Nc4 {½-½ (52) Eljanov,P (2732)-Motylev,A (2685) Shamkir 2014}) 11. Qxb7 $14 Rb8 (11... Ne4 $14) 12. Qxa7 $16 cxd4 13. Qxd4 ({Nur nicht} 13. Nxd4 $2 Bc5 $19) 13... Rb4 14. Qa7 ({Weiss kommt nicht vorbei an} 14. Nc4 $16) 14... Ne4 $2 (14... Nc5 $1 $11 15. b3 Rb7) 15. Nb3 {Droht stark Td1.} Ndc5 {Droht ...Ta4 und aus.} 16. Bf4 Rb7 17. Qa5 Nxb3 18. axb3 Bf6 (18... Rxb3 $16 19. Bc7 Qc8) 19. Nd2 $18 Nxd2 20. Bxb7 Nxf1 21. Qxd8 ({Finger weg von} 21. Kxf1 $6 Qd4 $14) 21... Bxb2 $2 {[#]} (21... Rxd8 $18 22. Bc7 (22. Kxf1 g5 $16) 22... Re8) 22. e4 $2 (22. Qxf8+ $1 Kxf8 23. Bd6+ Ke8 24. Bc6+ Kd8 25. Ra8#) 22... Bg6 $2 {[%mdl 8192] [#]} (22... Rxd8 $16 23. Ra2 (23. Rxf1 Bg4 $14) 23... e5) 23. Rb1 $2 (23. Qxf8+ $1 {setzt Matt} Kxf8 24. Bd6+ Ke8 25. Bc6+ Kd8 26. Ra8#) 23... Bd4 $2 (23... Rxd8 24. Rxb2 e5) 24. b4 $2 (24. Qxd4 $18 f6 25. Rxf1) 24... e5 $2 {[%mdl 8192]} (24... Rxd8 $16 25. Kxf1 Bh5) 25. b5 $2 ({Lieber} 25. Qd6 $18) 25... f5 $2 {[%mdl 8192]} (25... Rxd8 $11 26. Bc1 {[#]} Nxh2 $1 {[%mdl 512]} 27. Kxh2 Bxf2) 26. Bd5+ Kh8 27. b6 (27. Qxf8# $142) 27... fxe4 (27... Rxd8 $18 28. b7 Ba7) 28. b7 (28. Qxf8# $142) 28... Ba7 29. b8=Q {Weiß setzt Matt.} Bxb8 30. Rxb8 {[%cal Rd8f8]} h5 31. Bxe5 Kh7 32. Kxf1 Kh6 33. Bf4+ Kh7 34. Ke2 {Precision: Weiß = 62%, Schwarz = 28%.} 1-0